載入...
LABORATORY MANUAL OF ORGANIC CHEMISTRY
| 主要作者: | |
|---|---|
| 格式: | Printed Book |
| 出版: |
BOMBAY
ALLIED
1992
|
| 主題: |
| LEADER | 00547nam a2200181 4500 | ||
|---|---|---|---|
| 020 | |||
| 082 | |a 547 DEY | ||
| 100 | |a DEY B B & SITARAMAN M V | ||
| 245 | |a LABORATORY MANUAL OF ORGANIC CHEMISTRY |h ENGLISH | ||
| 250 | |||
| 260 | |a BOMBAY |b ALLIED |c 1992 | ||
| 300 | |a 382 |f PB | ||
| 500 | |a | ||
| 590 | |d | ||
| 650 | |a LABORATORY MANUAL OF ORGANIC CHEMISTRY | ||
| 942 | |c BK | ||
| 999 | |c 120684 |d 120684 | ||
| 952 | |0 0 |1 0 |4 0 |6 547_000000000000000_DEY |7 0 |9 134147 |a CHE |b CHE |l 0 |o 547 DEY |p CHE1994 |r 2019-10-15 |w 2019-10-15 |y BK | ||